000
00350nam a2200133Ia 4500
008
230411s9999 xx 000 0 und d
041
_a
eng
082
_a
S/617.917/PAT/B04568
100
_a
Patil Rashmi
245
_a
Operation Theatre Technique
260
_b
Vora Medical Publications
_a
Mumbai
_c
1994
300
_a
202p
999
_c
155186
_d
155186